Real Madrid - Parcours LDC 2021/2022 - Statistiques

Statistiques générales
  • Ce quiz a été pris 324 fois
  • Le résultat moyen est 18 sur 26
Statistiques - réponses
Réponse % Correct
Karim Benzema
97%
Vinicius Junior
95%
Rodrygo Goes
93%
Manchester City
90%
Paris Saint-Germain
90%
Kylian Mbappé
85%
Liverpool
85%
Chelsea
84%
Kévin De Bruyne
83%
Riyad Mahrez
82%
Toni Kroos
82%
Bernardo Silva
80%
David Alaba
76%
Phil Foden
76%
Kai Havertz
73%
Antonio Rüdiger
71%
Gabriel Jesus
69%
Timo Werner
63%
Shakhtar Donetsk
55%
Mason Mount
52%
Sheriff Tiraspol
51%
Marco Asensio
48%
Inter Milan
47%
Sebastien Thill
14%
Fernando
10%
Jasur Yakhshiboev
8%
Aucun quiz correspondant
Distribution des résultats
% des personnes avec chaque résultat
Percentile par nombre de réponses
Votre historique - résultats
Vous n’avez pas pris ce quiz